Basale Strategien, Taktiken Und Techniken Im Verhandlungsprozess

Hľadanie najúčinnejších nástrojov pri rokovaní. Otázka správnych stratégií, taktík a techník pri vyjednávaní.

Salvato in:
Dettagli Bibliografici
Autore principale: Helmová, Milena, 1954-
Natura: Capitolo di libro
Lingua:tedesco
Soggetti:
Tags: Aggiungi Tag
Nessun Tag, puoi essere il primo ad aggiungerne!!

MARC

LEADER 00000nla$a2200000$$$4500
001 0243750
005 20240502073941.0
041 0 |a ger 
044 |a SK 
245 1 0 |a Basale Strategien, Taktiken Und Techniken Im Verhandlungsprozess  |c Milena Helmová 
520 |a Hľadanie najúčinnejších nástrojov pri rokovaní. Otázka správnych stratégií, taktík a techník pri vyjednávaní. 
610 2 0 |a rokovania obchodné 
610 2 0 |a vyjednávanie 
610 2 0 |a taktika podniková 
610 2 0 |a ciele podnikové 
610 2 0 |a komunikácia 
100 1 |a Helmová, Milena, 1954-